LEADER 02098nam a2200409 a 4500 001 000000028912 003 CaOOAMICUS 005 20180427164313.0 008 961122s1996 vc u001 u lat r 020 $a8820921618 032 $aLibriCat 035 $a10746333 040 $aPUL$bita 041 0 $alat$aspa ita eng 111 2 $aConcilium Vaticanum$n(2 :$d1962-1965).$0(OLS)http://pul/name/3960 240 10$aPresbyterorum ordinis.$0(OLS)http://pul/title/207453 245 10$aDecretum de presbyterorum ministerio et vita presbyterorum ordinis /$cFrancisco Gil Hellín. 260 $aCittŕ del Vaticano :$bLibreria editrice vaticana,$cc1996. 300 $axxvi, 808 p. ;$c25 cm 490 1 $aStudi sul Concilio Vaticano II ;$a3 490 1 $aConcilii Vaticani II Synopsis in ordinem redigens schemata cum relationibus necnon patrum orationes atque animadversiones ;$a3 500 $aIn testa al tit.: "Pontificium Athenaeum Romanum Sactae Crucis". 500 $aIl titolo della serie "Studi sul Concilio Vaticano II" compare dal vol. 6. 546 $aTesto in latino, parti introduttive in lingua spagnola, italiana e inglese. 611 24$aConcilium Vaticanum$n(2 :$d1962-1965)$tPresbyterorum Ordinis.$0(OLS)http://pul/subject/45441 700 1 $aGil Hellín, Francisco.$0(OLS)http://pul/name/17116 710 2 $aAteneo Romano della Santa Croce.$0(OLS)http://pul/name/107910 830 0$aStudi sul Concilio Vaticano II ;$v3.$0(OLS)http://pul/title/103194 830 0$aConcilii Vaticani II synopsis ;$v3.$0(OLS)http://pul/title/197327 850 $aPUL 852 $aPUL$W1$xSL Religione 1$y3$m30 O 1.3$j40112$nBK-PRI$b $qStampati$B40112$CPULBib$Z2$F40112 $H84944 $82 911 $aConcilio Vaticano II (1962-1965)$93960 941 1 $a8 996 $6020$a8820921618$9(OLS)http://pul/number/35976 996 $6245$aDecretum de presbyterorum ministerio et vita presbyterorum ordinis$9(OLS)http://pul/title/39505 996 $6260$aCittŕ del Vaticano :$bLibreria editrice vaticana$9(OLS)http://pul/publisher/47920 LEADER 01494nam a2200313 u 4500 001 000000023662 003 CaOOAMICUS 005 20070226111250.0 008 950620s1982 it u000 u ita u 035 $a10595010 040 $aPUL$bita$dPUL(R) 041 1 $aita$hfre 100 1 $aAllmen, Jean-Jacques von.$0(OLS)http://pul/name/19907 240 10$aPrimauté de l'Église de Pierre et de Paul : remarques d'un protestant.$litaliano.$0(OLS)http://pul/title/32875 245 13$aIl primato della Chiesa di Pietro e di Paolo :$bosservazioni di un protestante /$cJean-Jacques von Allmen ; presentazione di Felice Montagnini. 260 $aBrescia :$bMorcelliana,$c1982. 300 $a128 p. ;$c23 cm 504 $aBibliografia in nota. 650 4$aPapato.$0(OLS)http://pul/subject/4195 700 1 $aMontagnini, Felice,$csacerdote,$d1923-2018.$0(OLS)http://pul/name/6530 850 $aPUL 852 $aPUL$W1$xDP1 Fondo Maccarrone$y58$m1501 F 16$j33180$nBK-PRI$b $qFondi$B33180$CPULBib$Z2$F33180 $H $81 852 $aPUL$W1$xSL Religione 1$y3$m63 H 11$j33181$nBK-PRI$b $qStampati$B33181$CPULBib$Z2$F33181 $H $81 941 1 $a8 941 1 $a1 961 $aINV: Fondo Mons. M. Maccarrone 961 $aINV: 51488 996 $6245$aIl primato della Chiesa di Pietro e di Paolo :$bosservazioni di un protestante$9(OLS)http://pul/title/32876 996 $6260$aBrescia :$bMorcelliana$9(OLS)http://pul/publisher/47854